000 00834cam a22002773a 4500
001 12946
003 PGUSA
005 20140828083259.0
008 040719s2004||||xxu|||||s|||||000 1 eng d
040 _aPGUSA
_beng
042 _adc
050 4 _aPZ
100 1 _aShaler, Robert
245 1 4 _aThe Boy Scouts on Picket Duty
_h[electronic resource] /
_cRobert Shaler
260 _bProject Gutenberg,
_c2004
506 _aPublic domain in the USA.
516 _aElectronic text
653 _aBoy Scouts of America -- Juvenile fiction
653 _aSmuggling -- Juvenile fiction
653 _aMystery and detective stories
653 _aFlorida -- Juvenile fiction
653 _aEverglades (Fla.) -- Juvenile fiction
830 0 _aProject Gutenberg
_v12946
856 4 0 _uhttp://www.gutenberg.org/ebooks/12946
942 _cEB
999 _c242201
_d242201